Toán 4

Toán 4 dạy các em học sinh các số tự nhiên, bảng đơn vị đo khối lượng, bốn phép tính với các số tự nhiên hình học, ...

Salvato in:
Dettagli Bibliografici
Autore principale: Đỗ, Đình Hoan
Natura: Libro
Lingua:Undetermined
Pubblicazione: Hà Nội Giáo dục Việt Nam 2016
Soggetti:
Tags: Aggiungi Tag
Nessun Tag, puoi essere il primo ad aggiungerne! !
Thư viện lưu trữ: Trung tâm Học liệu Trường Đại học Cần Thơ
LEADER 00797nam a2200217Ia 4500
001 CTU_216231
008 210402s9999 xx 000 0 und d
020 |c 10900 
082 |a 372.7 
082 |b H406 
100 |a Đỗ, Đình Hoan 
245 0 |a Toán 4 
245 0 |c Đỗ Đình Hoan (Chủ biên) 
260 |a Hà Nội 
260 |b Giáo dục Việt Nam 
260 |c 2016 
520 |a Toán 4 dạy các em học sinh các số tự nhiên, bảng đơn vị đo khối lượng, bốn phép tính với các số tự nhiên hình học, ... 
650 |a Mathematics,Toán 
650 |x Study and teachinh (Elementary),Dạy và học (Tiểu học) 
904 |i Hải 
980 |a Trung tâm Học liệu Trường Đại học Cần Thơ